000 00663cam a2200205 a 4500
001 000004359
005 20200929151430.0
008 840920s1972 sp 000 f spa d
040 _aDO-SdBNP
_bspa
_cBNPHU
082 _a823.64
_bG624v
100 1 _aGoldsmith, Oliver,
_d1730?-1774.
_912845
245 1 3 _aEl vicario de Wakefield /
_cOliver Goldsmith ; traducción de Joaquín Bollo.
260 _aMadrid :
_bDoncel,
_c1972.
300 _a158 p. ;
_c18 cm.
490 1 _aLibro joven de bolsillo
_v26
650 4 _aNovela inglesa
_91071
650 4 _aLiteratura inglesa
_9498
700 1 _aBollo, Joaquín,
_etr.
_912846
830 0 _aLibro joven de bolsillo
_v26
_912847
999 _c4168
_d4168